Procedimiento administrativo de la provincia de Buenos Aires : Decreto - ley 7647/70 y ordenanza general 267/80 /
Guardado en:
| Autor Principal: | |
|---|---|
| Otros Autores: | |
| Formato: | Libro |
| Idioma: | Spanish |
| Publicado: |
La Plata :
Librería editorial Platense,
2011.
|
| Edición: | 2a. ed. corr. y amp. |
| Materias: | |
| Etiquetas: |
Agregar Etiqueta
Sin Etiquetas, Sea el primero en etiquetar este registro!
|
| LEADER | 00625nam a22001695a 4500 | ||
|---|---|---|---|
| 001 | DER.der011590 | ||
| 008 | 180615s2011####ag#||||||||||||||#||spa|| | ||
| 005 | 20241106104702.0 | ||
| 245 | 1 | 0 | |a Procedimiento administrativo de la provincia de Buenos Aires : |b Decreto - ley 7647/70 y ordenanza general 267/80 / |c Carlos A. Botassi , Miguel H. E. Oroz. |
| 250 | |a 2a. ed. corr. y amp. | ||
| 260 | |a La Plata : |b Librería editorial Platense, |c 2011. | ||
| 300 | |a 688 p. | ||
| 020 | |a 9789505362363 | ||
| 100 | 1 | |a Botassi, Carlos A. | |
| 700 | 1 | |a Oroz, Miguel H. E. | |
| 650 | 7 | |a DERECHO ADMINISTRATIVO | |
| 859 | |a DERECHO |b BIB. DERECHO |h 342 |i BOT |p 006714 | ||
